000 01132nam0a22003251 4500
001 rc\3524469
005 20130115143450.5
021 _aRU
_b[72-18058]
035 _a(NLR Aleph) 007662614
090 _a6348105
_c6348105
100 _a20130115d1972 |||y0rusy50 ca
101 1 _arus
_ceng
102 _aRU
105 _ay z |||||
200 1 _aСтохастическая аппроксимация
_fПер. с англ. Э.М. Вайсборда
_gПод ред. Д.Б. Юдина
210 _aМосква
_cМир
_d1972
215 _a295 с.
_d20
225 1 _aБиблиотека сборника "Математика"
300 _aДоп. тит. л.: Stochastic approximation. M.T. Wasan
320 _aСписок лит.: с. 276-291
320 _aПредм. указ.: с. 292-293
606 _aАппроксимация (мат.) стохастическая
_2psbo
700 1 _aВазан
_bМ. Т.
702 1 _aВайсборд
_bЭ. М.
_4730
702 1 _aЮдин
_bД. Б.
_4340
801 0 _aRU
_bNLR
_gpsbo
801 1 _aRU
_bELAR
_2rusmarc
852 _aNLR
_j72-3/3045
942 _cBOOK
980 _aNB